| 000 | 00916nam a2200253 i 4500 | ||
|---|---|---|---|
| 001 | 133863 | ||
| 003 | ES-MaACL | ||
| 005 | 20230906194541.0 | ||
| 007 | t| | ||
| 008 | 070903s1958 sp ||||1| spa d | ||
| 080 | _a615.372 | ||
| 080 | _a615.7(02) | ||
| 100 | 1 |
_aWalter, Albert M. _9116002 |
|
| 245 | 1 | 0 |
_aManual de antibióticos y quimioterapia moderna _b: (su uso en Cirugía, Medicina y especialidades) / _cpor el Dr. Albert M. Walter... y el Dr. Ludwig Heilmeyer ; [prólogo del prof. Egidio S. Mazzei]. |
| 250 |
_aEdición española _brevisada por el Dr. Ciril Rorman... |
||
| 260 |
_aBarcelona : _bPraxis, _c1958. |
||
| 300 |
_aXI, 716 p. : _bil. ; _c24 cm. |
||
| 650 | 1 | 4 |
_aQuimioterapia. _916640 |
| 650 | 1 | 4 |
_aAntibióticos. _99849 |
| 700 | 1 |
_aHeilmeyer, Ludwig. _962357 |
|
| 700 | 1 |
_aRozman, C. ( _d1929-) _9100259 |
|
| 700 | 1 |
_aMazzei, Egidio S. _979499 |
|
| 852 |
_aES-MaACL _jC-14087 _bR.41704 |
||
| 999 |
_c133863 _d133863 |
||